000 00595nam a22002057a 4500
003 UA-OsUOA
001 59044
007 ta
008 20090305b un ||||| |||| 00| 0 ukr d
090 _a330(477)
942 _cSA
040 _aUA-OsUOA
_bukr
_cUA-OsUOA
_dUA-OsUOA
245 _aІнформація Міністерства фінансів України щодо виконання державного бюджету у 2008 році
300 _aС.6
955 _a0
041 _aukr
080 _a330(477)
773 0 _w59043
650 7 _a330 Економіка взагалі
_2UDC
999 _c345126
_d345126